000 00233nam a22001097a 4500
999 _c171129
_d171129
082 _a
_b
100 _aAmoz Oz
245 _aElsewhere perhaps/
_cby Amoz Oz
260 _aOxford:
_bOxford University,
_c
650 _a
942 _cBK